00720nam a2200193 a 450000100100000000500170001000800410002704000250006808200150009310000300010824501050013826000370024330000280028050000380030870000350034604900090038195201190039099900170050900001633820200929164359.0100303s1965 cl a 000 0 spa d aDO-SdBNPbspacBNPHU axxxbB817d1 aBrandenburg, Frank93644610aDesarrollo de la empresa privada latinoamericana /cFrank Brandenburg; traducción Theodore Geiger. aBogotá :bTercer Mundo,c1965. a191 p. :bil. ;c24 cm. aIncluye notas al pie de páginas1 aGeiger, Theodoreetrad.936447 aBNPD 001054708MOaGRbGRcCTd2010-03-03iLF1l0oxxx B817dp16338-10r2020-06-25w2020-06-25y4ZPréstamo en sala c15873d15873